01645nam a2200313ui 4500001001900000003000600019008004100025020001800066035002400084040004000108041000800148050002100156100004200177245004900219260004900268300005600317520058600373650003500959650002600994650003001020650003901050650002801089650003801117650003901155655002101194942000801215952009301223999001501316991027218392607026UkOxU250220s2025 enk|||| | |||| ||eng d a9780241651292 a(StEdALDL)1/4615796 aStEdALDLbengerdacStEdALDLdUkOxU aeng aHD53b.D355 2025 aDailey, Carolynd1959-926108eauthor04aThe creative entrepreneurc/ Carolyn Dailey. aLondon :bDorling Kindersley Limited,c2025. a223 pages : billustrations (some color) ; c23 cm. aDiscover the secrets to building a thriving creative business and unleashing your full creative potential with The Creative Entrepreneur. Learn from ten of the world’s most inspiring entrepreneurs, including Grammy winner Nile Rodgers and Emmy-winning producer Andy Harries (The Crown), as they share their stories, actionable advice, and recommendations to help you succeed in business and fuel your life potential. Unlock your creativity and transform your career with a new, mission-driven perspective from these industry icons in design, fashion, art, film, music, and more. 0aNew business enterprises92621 0aEntrepreneurship9570 0aSuccess in business91506 0aCreative ability in business94129 0aArt and business926109 0aSmall business xManagement94678 0aEntrepreneurshipvAnecdotes926111 0aAnecdotes926110 2lcc 00102lcc4070aTBSbTBSd2025-10-13l0oHD53 DAIpB07664r2025-10-13t1w2025-10-13y1 c5031d5031